Govt. of
Madhya Pradesh

Eco - Tourism (Record no. 63593)

MARC details
000 -LEADER
fixed length control field 00213nam a22000977a 4500
100 ## - MAIN ENTRY--AUTHOR NAME
Personal name Delhi
245 ## - TITLE STATEMENT
Title Eco - Tourism
260 ## - PUBLICATION, DISTRIBUTION, ETC. (IMPRINT)
Place of publication Delhi
Name of publisher Rupa Prakashan
Year of publication 2019
650 ## - SUBJECT ADDED ENTRY--TOPICAL TERM
Topical Term Einveronment
942 ## - ADDED ENTRY ELEMENTS (KOHA)
Koha item type Books
Holdings
Withdrawn status Lost status Damaged status Not for loan Home library Current library Date acquired Cost, normal purchase price Full call number Accession Number Price effective from Koha item type
        MACL MACL 14/10/2020 995.00 333 CRE040013 14/10/2020 Books